Central-Library-PUMHS

Online Public Access Catalogue

Welcome to PUMHS Central Library Nawabshah, SBA

Musculoskeletal manual medicine, diagnosis and treatment (Record no. 37981)

000 -LEADER
fixed length control field 00224nam a22000977a 4500
082 ## - DEWEY DECIMAL CLASSIFICATION NUMBER
Classification number 616 DOV
100 ## - MAIN ENTRY--AUTHOR NAME
Personal name Dovark Jiri
245 ## - TITLE STATEMENT
Title Musculoskeletal manual medicine, diagnosis and treatment
650 ## - SUBJECT ADDED ENTRY--TOPICAL TERM
Topical Term Medicine
942 ## - ADDED ENTRY ELEMENTS (KOHA)
Koha item type Books
Holdings
Withdrawn status Lost status Permanent Location Current Location Shelving location Date acquired Source of acquisition Cost, normal purchase price Full call number Accession Number Koha item type
    Central Library New Campus PUMHS Nawabshah,(SBA) Central Library New Campus PUMHS Nawabshah,(SBA) Physiotherapy 2026-03-10 M/S New Noble Bill No: 102/N.N Date 15/06/2025 1488.00 616 DOV 41334 Ref Books
    Central Library New Campus PUMHS Nawabshah,(SBA) Central Library New Campus PUMHS Nawabshah,(SBA) Physiotherapy 2026-03-10 M/S New Noble Bill No: 102/N.N Date 15/06/2025 1488.00 616 DOV 41335 Ref Books

Copyright © 2018,The PUMHSW, Nawabshah, Shaheed Benazirabad. All rights reserved
Mr. Abdul Sattar Mahar (Chief Librarian) PUMHSW, Nawabshah, Sindh, Pakistan 67480.
Ph#: | 0244-9370425 Ext. 2241 Email| librarian@pumhs.edu.pk Web| http://www.pumhs.edu.pk
سنڌي ڪي بورڊ